|
|
|
|
| LEADER |
01934nam a2200445 a 4500 |
| 001 |
EBC3414880 |
| 003 |
MiAaPQ |
| 005 |
20200520144314.0 |
| 006 |
m o d | |
| 007 |
cr cn||||||||| |
| 008 |
981028s1998 miua sb 100 0 eng d |
| 010 |
|
|
|z 98049952
|
| 020 |
|
|
|z 0472109324 (cloth : alk. paper)
|
| 020 |
|
|
|z 9780472109326 (cloth)
|
| 020 |
|
|
|a 9780472023387 (electronic bk.)
|
| 035 |
|
|
|a (MiAaPQ)EBC3414880
|
| 035 |
|
|
|a (Au-PeEL)EBL3414880
|
| 035 |
|
|
|a (CaPaEBR)ebr10395620
|
| 035 |
|
|
|a (CaONFJC)MIL263888
|
| 035 |
|
|
|a (OCoLC)923503103
|
| 040 |
|
|
|a MiAaPQ
|c MiAaPQ
|d MiAaPQ
|
| 043 |
|
|
|a n-us---
|
| 050 |
|
4 |
|a HF1455
|b .C743 1998
|
| 082 |
0 |
4 |
|a 382/.3/0973
|2 21
|
| 245 |
0 |
0 |
|a Constituent interests and U.S. trade policies
|h [electronic resource] /
|c Alan V. Deardorff and Robert M. Stern, editors.
|
| 260 |
|
|
|a Ann Arbor, Mich. :
|b University of Michigan Press,
|c c1998.
|
| 300 |
|
|
|a ix, 329 p. :
|b ill.
|
| 490 |
1 |
|
|a Studies in international economics
|
| 500 |
|
|
|a Papers prepared for a conference held at the University of Michigan, Nov. 8-9, 1996.
|
| 504 |
|
|
|a Includes bibliographical references.
|
| 505 |
0 |
|
|a pt. 1. Introduction and overview -- pt. 2. The context of U.S. trade policies -- pt. 3. Sectoral producing interests : industry/labor -- pt. 4. Other constituent interests.
|
| 533 |
|
|
|a Electronic reproduction. Ann Arbor, MI : ProQuest, 2015. Available via World Wide Web. Access may be limited to ProQuest affiliated libraries.
|
| 650 |
|
0 |
|a Pressure groups
|z United States
|v Congresses.
|
| 651 |
|
0 |
|a United States
|x Commercial policy
|v Congresses.
|
| 655 |
|
4 |
|a Electronic books.
|
| 700 |
1 |
|
|a Deardorff, Alan V.
|
| 700 |
1 |
|
|a Stern, Robert M.
|q (Robert Mitchell),
|d 1927-
|
| 710 |
2 |
|
|a ProQuest (Firm)
|
| 830 |
|
0 |
|a Studies in international economics (Ann Arbor, Mich.)
|
| 856 |
4 |
0 |
|u https://ebookcentral.proquest.com/lib/matrademy/detail.action?docID=3414880
|z Click to View
|